Statistics for Countries with the poorest population

Click here to take the quiz!

General Stats

  • This quiz has been taken 541 times
  • The average score is 19 of 30

Answer Stats

Percentage of the world's poorAnswer% Correct
41,1%India
88%
22,1%China
87%
0,6%Niger
83%
8,1%Nigeria
80%
3,8%Pakistan
79%
1,8%Ethiopia
77%
3,5%Bangladesh
74%
1,4%Mexico
74%
1,8%Brazil
73%
1,5%Indonesia
73%
1%Russia
73%
0,7%Kenya
67%
0,4%South Africa
66%
0,7%Mali
62%
0,6%Tanzania
61%
0,6%Mozambique
58%
0,8%Colombia
56%
0,3%Peru
56%
0,8%Ghana
55%
0,3%Zimbabwe
55%
0,6%Zambia
54%
0,5%Venezuela
53%
0,8%Nepal
49%
0,4%Cameroon
48%
0,7%Madagascar
47%
0,2%Rwanda
45%
0,2%Yemen
44%
0,6%Burkina Faso
43%
0,2%Sierra Leone
40%
0,2%Central African Republic
33%

Score Distribution

Percentile by Number Answered

Percent of People with Each Score

Your Score History

You have not taken this quiz